000 00858nam a2200241Ia 4500
005 20201105114508.0
008 130821s1983 xxu gr eng
020 _a0801492505
020 _a0801415500
040 _aCo-BoUCM
_bspa
_cDavid Avila (modificó)
_d[Nuevo]
041 0 0 _aeng
245 0 0 _aInternational regimes
_ceditor Stephen D. Krasner.
260 _aIthaca (Nueva York, Estados Unidos)
_bCornell University Press
_c2007
300 _ax, 372 páginas
490 0 _aCornell studies in political economy
504 _aIncluye referencias bibliográficas e índices
650 0 4 _aPolítica mundial
_922002
650 0 4 _aRelaciones internacionales
_vEstudio de casos
_98042
690 _aCiencia política
_9340
700 1 _aKrasner, Stephen D.
_972592
942 _cLIBRO
_a6
_e1
_mI612
_2DEWEY
_h327.1
999 _c27001
_d27001